Metodología de diagnóstico y evaluación para determinar prioridades de sistemas de abastecimiento de agua potable en el area urbana de Costa Rica
Guardado en:
| Hovedforfatter: | |
|---|---|
| Format: | Bog |
| Udgivet: |
[San José , Costa Rica]
1984
|
| Fag: | |
| Tags: |
Tilføj Tag
Ingen Tags, Vær først til at tagge denne postø!
|
MARC
| LEADER | 00000nam a2200000Ia 4500 | ||
|---|---|---|---|
| 003 | 002599 | ||
| 005 | 20221231144408.0 | ||
| 008 | 140114s1984 cr a m 000 ||s d | ||
| 040 | |c cru CEDI | ||
| 090 | |a TFG 1588 | ||
| 100 | |a Ramírez Arias, Lilliam |9 14800 | ||
| 245 | |a Metodología de diagnóstico y evaluación para determinar prioridades de sistemas de abastecimiento de agua potable en el area urbana de Costa Rica | ||
| 260 | |c 1984 |a [San José , Costa Rica] | ||
| 300 | |a 222 hojas : ilustraciones, mapas plegables ; 27 cm | ||
| 500 | |a Proyecto de graduación (ingeniero civil)--Universidad de Costa Rica. Facultad de Ingeniería. Escuela de Ingeniería Civil | ||
| 650 | |x SUMINISTRO DE AGUA - COSTA RICA |x AGUA POTABLE - COSTA RICA |9 14801 | ||
| 942 | |c TFG | ||
| 999 | |c 21246 |d 21246 | ||
